Report of workshop on processing tools,norms and standards and modalities for subregional exchange of development information (Record no. 56181)

MARC details
000 -LEADER
fixed length control field 00764nam a2200157 a 4500
008 - FIXED-LENGTH DATA ELEMENTS--GENERAL INFORMATION
fixed length control field 100309s1993 ||||||||||||||||| || u
050 ## - LIBRARY OF CONGRESS CALL NUMBER
Classification number UN-ECA(01)PADIS
100 ## - MAIN ENTRY--PERSONAL NAME
Personal name Inganji, Francis
245 10 - TITLE STATEMENT
Title Report of workshop on processing tools,norms and standards and modalities for subregional exchange of development information
Statement of responsibility, etc. by Francis Inganji
260 ## - PUBLICATION, DISTRIBUTION, ETC.
Place of publication, distribution, etc. Addis Ababa :
Name of publisher, distributor, etc. United Nations economic Commisssion for Africa (UN-ECA)
Date of publication, distribution, etc. 1993
300 ## - PHYSICAL DESCRIPTION
Extent 13p.
350 ## - PRICE (NR) (BK AM CF MU VM SE) [OBSOLETE]
Price 0.00
650 ## - SUBJECT ADDED ENTRY--TOPICAL TERM
Topical term or geographic name entry element PADIS (INFORMATION RETRIEVAL SYSTEMS)
710 ## - ADDED ENTRY--CORPORATE NAME
Corporate name or jurisdiction name as entry element United Nations Economic Commission For Africa(UNECA)
995 ## - RECOMMENDATION 995 [LOCAL, UNIMARC FRANCE]
-- 0.00
-- CBU-MAIN LIBRARY (Kitwe)
-- 1
-- 0.00
-- 1
-- AVAILABLE
-- Mar 9, 2010
-- International Publications
Holdings
Withdrawn status Lost status Source of classification or shelving scheme Damaged status Not for loan Home library Current library Shelving location Date acquired Total Checkouts Full call number Barcode Date last seen Price effective from Koha item type
          CBU-MAIN LIBRARY, KITWE. CBU-MAIN LIBRARY, KITWE.   11/30/2022   UN-ECA(01)PADIS 03006021 11/30/2022 11/30/2022 MONOGRAPH